000 00631nam a2200217 a 4500
001 000012730
003 DO-SdBNP
005 20230726093111.0
008 091116s1979 dr 000 f spa d
040 _aDO-SdBNP
_bspa
_cBPMSU
082 4 _aRD863.44
_bR175t 1979
_222
100 1 _aRamos Messina, Emmanuel
245 1 3 _aEl taller de Maquiavelo /
_cEmmanuel Ramos Messina.
260 _aSanto Domingo :
_bEditora Taller,
_c1979.
300 _a84 p. ;
_c21 cm.
590 _aInventariado, 2023/VM
650 4 _aNovela dominicana
650 0 _aLiteratura dominicana.
910 _aVMateo V. Control de calidad. BPMSU
942 _2ddc
_cBK
999 _c14451
_d14451